000 01617nam a2200469 i 4500
001 53125
003 KOSZ 005
005 20210531093256.0
008 070323s2005 pl f |000 0 pol
020 _a8374640251
040 _cKOSZ 005
_aKOSZ 005
_dKOSZ 005/HR
041 0 _apol
080 _a528
080 _a625
080 _a624.2/.8
080 _a(075.8)
100 1 _aGocał, Jan
_d(1940- )
_eAutor
245 1 0 _aGeodezja inżynieryjno-przemysłowa.
_nCz. 2 /
_cJan Gocał.
250 _a(dodr.).
260 _aKraków :
_bAGH [Akademia Górniczo-Hutnicza]. Uczelniane Wydawnictwa Naukowo-Dydaktyczne,
_c2005.
300 _a339 s. :
_bil. (w tym kolor.) ;
_c24 cm.
336 _2rdakontent
_aTekst
_btxt
337 _2rdamedia
_aBez urządzenia pośredniczącego
_bn
338 _2rdacarrier
_aWolumin
_bnc
380 _aKsiążki
380 _aPublikacje dydaktyczne
385 _mPoziom nauczania
_aSzkoły wyższe
388 _a1901-2000
388 _a2001-
504 _aBibliogr. przy rozdz.
650 4 _aDrogi
650 9 _aMosty
650 4 _aGeodezja
650 9 _aLinie kolejowe
655 _aPodręczniki akademickie
658 _aGeografia i nauki o Ziemi
658 _aInżynieria i technika
710 _aWydawnictwo AGH
_4pbl
856 _uhttp://koha.tu.koszalin.pl/cgi-bin/koha/opac-detail.pl?biblionumber=53152
_yKatalog online BPK
942 _cKS
_2udc
999 _c53152
_d53152